soviet capitals quiz - Statistics

General Stats
  • This quiz has been taken 9 times
  • The average score is 13 of 20
Answer Stats
Republic Capital % Correct
Kazakhstan (New) Astana
100%
Russia Moscow
100%
Azerbaijan Baku
83%
Ukraine Kiev
83%
Ukraine (New) Kyiv
83%
Latvia Riga
83%
Armenia Yerevan
83%
Turkmenistan (New) Ashgabat
67%
Moldova (New) Chisinau
67%
Belarus Minsk
67%
Estonia Tallinn
67%
Lithuania Vilnius
67%
Kazakhstan Alma Ata
50%
Kyrgyzstan (New) Bishkek
50%
Tajikistan Dushanbe
50%
Uzbekistan Tashkent
50%
Georgia Tblisi
50%
Kyrgyzstan Frunze
33%
Turkmenistan Ashkhabad
17%
Maldova Kishinev
17%
No matching quizzes found
Score Distribution
Percent of People with Each Score
Percentile by Number Answered
Your Score History
You have not taken this quiz